Váha je dnes plnohodnotný počítač
Vývoj váh a váhových systémov nezastal. Neustále pribúdajú nové riešenia pomáhajúce obchodníkom mať prehľad, no aj viac predať či len jednoducho urobiť zákazníkovi radosť. Aké sú problémy, s ktorými sa stretáva množstvo spotrebiteľov pri práci s váhou.
Guardado en:
| Autor principal: | |
|---|---|
| Formato: | Capítulo de libro |
| Lenguaje: | eslovaco |
| Materias: | |
| Etiquetas: |
Sin Etiquetas, Sea el primero en etiquetar este registro!
|
MARC
| LEADER | 00000naa a2200000 4500 | ||
|---|---|---|---|
| 001 | 0283808 | ||
| 005 | 20240417075206.1 | ||
| 041 | 0 | |a slo | |
| 044 | |a CZ | ||
| 245 | 1 | 0 | |a Váha je dnes plnohodnotný počítač |c Peter Kapitán |
| 520 | |a Vývoj váh a váhových systémov nezastal. Neustále pribúdajú nové riešenia pomáhajúce obchodníkom mať prehľad, no aj viac predať či len jednoducho urobiť zákazníkovi radosť. Aké sú problémy, s ktorými sa stretáva množstvo spotrebiteľov pri práci s váhou. | ||
| 610 | 2 | 0 | |a váhy |
| 610 | 2 | 0 | |a softvér |
| 610 | 2 | 0 | |a vybavenosť pracoviska |
| 610 | 2 | 0 | |a technológie inteligentné |
| 100 | 1 | |a Kapitán, Peter | |